Normal view
MARC view
- The Jossey-Bass higher education series
Entry Uniform Title
001 - CONTROL NUMBER
- control field: 4432
003 - CONTROL NUMBER IDENTIFIER
- control field: NUST
005 - DATE AND TIME OF LATEST TRANSACTION
- control field: 20170829113905.0
008 - FIXED-LENGTH DATA ELEMENTS
- fixed length control field: 170829|| aca||aabn | a|a d
040 ## - CATALOGING SOURCE
- Original cataloging agency: NUST
- Transcribing agency: NUST
130 ## - HEADING--UNIFORM TITLE
- Uniform title: The Jossey-Bass higher education series
670 ## - SOURCE DATA FOUND
- Source citation: Work cat.: (NUST)0: Yost, Elizabeth B. 4430, Career counseling :, c1987.
